| 000 | 00565nam a2200241Ia 4500 | ||
|---|---|---|---|
| 003 | OSt | ||
| 005 | 20220912151219.0 | ||
| 006 | a|||||r|||| 00| 0 | ||
| 007 | ta | ||
| 008 | 220909b |||||||| |||| 00| 0 eng d | ||
| 024 | _a52985 | ||
| 037 | _cTextual | ||
| 040 |
_aCSL _beng _cCSL |
||
| 041 | _aeng | ||
| 082 | _aI715.654, M3 | ||
| 100 | _aSegerback L B | ||
| 245 | 0 | _aOrchids of Nigeria | |
| 260 | _c1983 | ||
| 300 |
_avii,111p. _ccm. |
||
| 650 | _aBotany | ||
| 942 |
_hI715.654, M3 _cTEXL _2CC |
||
| 999 |
_c63827 _d63827 |
||